| 000 | 00716nam a22002057a 4500 | ||
|---|---|---|---|
| 001 | 000279709 | ||
| 003 | AM-YEHGA | ||
| 005 | 20250618080113.0 | ||
| 008 | 031105s1963 ai c|||gr|||||||||1|rus|d | ||
| 040 | _aAM-YeHGA | ||
| 041 | 1 |
_arus _harm |
|
| 100 | 1 |
_aԱյվազյան, Սուրեն Բախշիի, _d1915-1981 _988 |
|
| 245 | 1 | 0 |
_aПротяни руку жизнь : _bРоман / _cС.Б. Айвазян ; Перев. А. Тадеосян. |
| 260 |
_aЕреван : _bАрмгосиздат, _c1963. |
||
| 300 |
_a292 с. : _b1 л. портр. ; _c21 см. |
||
| 650 | 1 | 4 | _aАрмянская литература |
| 700 | 1 |
_aТадеосян, Арусь _eпер. _4trl |
|
| 942 |
_2udc _cBK |
||
| 090 | _c565141 | ||
| 999 |
_c527164 _d527164 |
||